| 000 | 00668nam a2200217 a 4500 | ||
|---|---|---|---|
| 001 | BRCA_2589 | ||
| 005 | 20190320203859.0 | ||
| 008 | 281108s1937----nyua---###---#000-0#eng-u | ||
| 050 | 4 |
_aNE885 _b.B87 1937 |
|
| 100 | 1 |
_aBurgess, Frederick William _97394 |
|
| 245 | 1 | 0 |
_aOld prints and engravings _cby Frederick William Burgess. |
| 260 |
_aNew York _bTudor _c1937 |
||
| 300 |
_axiii, 281 p. _bil., 79 láminas _c24 cm. |
||
| 500 | _aIncluye índice alfabético. | ||
| 500 | _aA54 | ||
| 650 | 1 | 4 |
_aColeccionistas y colecciones _97395 |
| 650 | 1 | 4 |
_aGrabados _xColeccionistas y colecciones _97355 |
| 650 | 1 | 4 |
_aGrabados _zInglaterra _97396 |
| 902 | _aGFM | ||
| 942 |
_2lcc _cB |
||
| 999 |
_c2329 _d2329 |
||